000 00556nam a22002177a 4500
005 20170124110106.0
010 _a967527
020 _c00.00
035 _a967527
037 _bCen Lib/Ret
040 _aDPL
_bEN
082 _aN
_bCHA
100 _aChapman, Hester W.
_928135
245 _aLucy /
_cby Hester W. Chapman
260 _bJonathan Cape
_c1965
_aLondon
270 _a30 bedford square
_bLondon
300 _a382p.
_c20cm(Hb)
650 _aliterature
_xFiction
_971938
650 _aEnglish novel
_914422
942 _2ddc
_cEN
_hN
_mCHA
999 _c130044
_d130044